000 01212nam a22002177a 4500
001 2788
005 20240115124116.0
020 _a9789814193153
040 _aFISKH
_beng
_cFISKH
_dFISKH
082 _aFic
100 _aLee, James
245 _aAttack of the lizardmen :
_bthe body switchers /
_cMr Midnight ; James Lee
260 _aSingapore :
_bAngsana Books,
_c2006
300 _a125 pages ;
_c20 cm
490 _aMr Midnight ;
_vBook 30
505 _aN
520 _aTurn off your lights, get ready for frights! When the clock strikes midnight and the moon's full and bright, it's time for dread and fear. For Mr. Midnight is here with two stories, double the danger and twice the terror! STORY ONE: Talia Tan sees a monster lizard in a tunnel, but nobody believes her until the lizards begin stalking her and her friends. Will they survive the ATTACK OF THE LIZARDMEN, or perish in a sinister underground prison? STORY TWO: Strange and scary things occur when Willis Tay is sent to stay with his weird aunt. Little does he know his life is at stake when he battles THE BODY SWITCHERS, evil beings from the Other Zone.
521 _a700
_bLexile estimate
521 _aN
_bRaz-Plus
942 _2ddc
_cBK
_n0
999 _c2788
_d2788